Alimentación y dietoterapia: nutrición aplicada en la salud y la enfermedad
Uloženo v:
| Hlavní autoři: | , , |
|---|---|
| Médium: | Kniha |
| Jazyk: | španělština |
| Vydáno: |
Madrid
McGraw-Hill
1999
|
| Vydání: | 3a. ed |
| Témata: | |
| Tagy: |
Přidat tag
Žádné tagy, Buďte první, kdo vytvoří štítek k tomuto záznamu!
|
MARC
| LEADER | 00000nam a2200000 a 4500 | ||
|---|---|---|---|
| 001 | UCN3920 | ||
| 003 | CL-VaPUC | ||
| 008 | 010713e19990000SP |||||||||||||||||spa|d | ||
| 082 | 0 | 4 | |a 613.2 |b CER |2 21 |
| 100 | 0 | |a Cervera, Pilar |e author |9 460548 | |
| 700 | 0 | |a Clapés, Jaume |e author |9 460549 | |
| 700 | 0 | |a Rigolfas, Rita |e author |9 460550 | |
| 245 | 1 | 0 | |a Alimentación y dietoterapia: nutrición aplicada en la salud y la enfermedad |
| 250 | |a 3a. ed | ||
| 300 | |a 380 p | ||
| 942 | |c BK | ||
| 945 | |d 20010713 00:00:00 |a cmena | ||
| 260 | |a Madrid |b McGraw-Hill |c 1999 | ||
| 650 | 0 | |a Nutrición |9 259434 | |
| 650 | 0 | |a Termodinámica |9 259320 | |
| 650 | 7 | |a GLUCIDOS |2 CL-VaPUC |9 373288 | |
| 650 | 0 | |a Hidratos de carbono |9 360963 | |
| 650 | 0 | |a Lípidos |9 306890 | |
| 650 | 7 | |a PROTEINAS |2 CL-VaPUC |9 460551 | |
| 650 | 7 | |a ELECTROLITOS |2 CL-VaPUC |9 360144 | |
| 650 | 0 | |a Vitaminas |9 343802 | |
| 650 | 0 | |a Fibras vegetales |9 417450 | |
| 650 | 0 | |a Alimentos |9 256203 | |
| 650 | 7 | |a DIGESTION |2 CL-VaPUC |9 334429 | |
| 650 | 0 | |a Metabolismo |9 259893 | |
| 650 | 0 | |a Salud pública |9 258913 | |
| 650 | 7 | |a DIETAS TERAPEUTICAS |2 CL-VaPUC |9 460552 | |
| 583 | |a last modification |c 20010713 00:00:00 |k Rodrigo Vera | ||
| 999 | |c 296581 |d 296579 | ||
| 952 | |0 0 |1 0 |4 0 |6 613_200000000000000_CER_1999 |7 0 |8 A |9 350480 |a BIBCUR |b BIBCUR |d 2019-11-20 |i 3694763 |l 1 |o 613.2 CER 1999 |p 3694763 |r 2025-04-22 |s 2025-03-11 |w 2019-11-20 |y BK |k BCB | ||
| 952 | |0 0 |1 0 |4 0 |6 613_200000000000000_CER_1999 |7 0 |8 A |9 350481 |a BIBCUR |b BIBCUR |d 2019-11-20 |i 3694771 |l 1 |o 613.2 CER 1999 |p 3694771 |r 2025-04-22 |s 2023-11-14 |w 2019-11-20 |y BK |k BCB | ||